| 000 | 01402nam a22003737a 4500 | ||
|---|---|---|---|
| 003 | CHAP | ||
| 005 | 20220329143840.0 | ||
| 008 | 120116s2011 mx r 00010 spa d | ||
| 010 | _a102740 | ||
| 011 | _a103712 | ||
| 035 | _a114401 | ||
| 040 | _cCHAP | ||
| 090 | _aTesis | ||
| 100 | 1 |
_aAlvarez Romero, Angelica _94976 |
|
| 245 | 1 | 0 |
_aContribución al conocimiento de los agrosistemas tradicionales de México _h[En línea] _c/por Angelica Alvarez Romero |
| 260 |
_aChapingo, Méx. : _bEl autor, _c2011 |
||
| 500 | _aPara ver el contenido del material haga clic en la liga | ||
| 502 | _aTesis (Ing. en Agroecologia -- UACH. Departamento de Agroecologia | ||
| 590 |
_aALEPH _b10 _c20130110 _lUCH01 _h1543 |
||
| 590 |
_aBATCH-UPD _b10 _c20130110 _lUCH01 _h1039 |
||
| 590 |
_aBATCH-UPD _b10 _c20140324 _lUCH01 _h1529 |
||
| 590 |
_aBATCH-UPD _b10 _c20141002 _lUCH01 _h0852 |
||
| 590 |
_aBATCH _b00 _c20181121 _lUCH01 _h0758 |
||
| 590 |
_aCONVERSION _b10 _c20130109 _lUCH01 _h1357 |
||
| 650 | 1 | 4 |
_aAgricultura tradicional. _92029 |
| 650 | 1 | 4 |
_aAgrosistemas. _92212 |
| 650 | 1 | 4 |
_aCultivos asociados. _930370 |
| 856 |
_3Finding aid _uhttp://10.13.5.2/tesis/114401.pdf _zTeclea aqui |
||
| 856 |
_a1 _n0000301 |
||
| 901 | _aBK | ||
| 942 | _cFOLL | ||
| 949 |
_aTesis _bBC _cTES _d33724002320611 _eTS1 _gDonaciØn _h53231 _i114401 _st |
||
| 949 |
_aTesis _bBC _cTES _d33724002320652 _eTS2 _fc.2 _gDonaciØn _h53232 _i114401 _st |
||
| 999 |
_c102740 _d102740 |
||